000 00588nam a2200193 a 4500
001 000025646
005 20200930023936.0
008 110216s1991 sp r 000 |aspa d
020 _a1563280035
040 _aDO-SdBNP
_bspa
_cBNPHU
082 _axxx
_bR696e
100 1 _aRodríguez Cordero, Luz Idalia,
_952381
245 1 0 _aEntonces /
_cLuz Idalia Rodríguez Cordero.
260 _aRío Piedras, P.R. :
_bPlaza Mayor,
_c1991.
300 _a61 p. ;
_c21 cm..
490 1 _aBiblioteca de Autores de Puerto Rico
830 0 _aBiblioteca de Autores de Puerto Rico
_99722
049 _aBNGR
999 _c25138
_d25138